00417nam a22001697a 4500003000700000005001700007008004100024020001800065082002200083100002300105245003000128250001100158260002800169300000800197490003700205650000500242MPLRDC20220104124500.0210129b ||||| |||| 00| 0 eng d a957-767-028-8 a859.61 SJWR-3 v.4 a张青史总编辑 a永远的智者: 佛陀c a初版 ab阳铭出版社c1994 b平 a漫画世界伟人传记故事;4 a